[Event "SLO-CupT"]
[Site "Slovenia"]
[Date "2011.09.04"]
[Round "5"]
[White "Mazej, Jernej"]
[Black "Kovac, Boris"]
[Result "1-0"]
[WhiteElo "2077"]
[BlackElo "2317"]
[PlyCount "139"]
[EventDate "2011.03.06"]
[EventType "team-swiss"]
[EventRounds "5"]
[EventCountry "SLO"]
[SourceTitle "EXT 2019"]
[Source "ChessBase"]
[SourceDate "2018.10.10"]
[SourceVersion "1"]
[SourceVersionDate "2018.10.10"]
[SourceQuality "1"]
[WhiteTeam "Velenje Veplas"]
[BlackTeam "Radenska Pomgrad"]
[WhiteTeamCountry "SLO"]
[BlackTeamCountry "SLO"]

1. b3 d5 2. Bb2 c5 3. e3 Nc6 4. Bb5 Bd7 5. Nf3 e6 6. 0-0 Nf6 7. Bxc6 Bxc6 8. Ne5 Rc8 9. d3 Be7 10. Nd2 0-0 11. f4 Be8 12. Rf3 Nd7 13. Nxd7 Bxd7 14. Rh3 g6 15. e4 f6 16. f5 exf5 17. exd5 f4 18. Rh4 g5 19. Rxh7 Be8 20. Rh3 Qxd5 21. Qe2 Rc7 22. Re1 Bg6 23. c4 Qd7 24. Ne4 Qf5 25. g4 Qd7 26. Nxg5 Re8 27. Ne4 Kf7 28. Qf3 Rg8 29. Qxf4 Bf5 30. Rg3 Bxe4 31. Rxe4 Rc6 32. Qh6 Re6 33. Qh5+ Rg6 34. Qf5 Rd6 35. Qxd7 Rxd7 36. Kf2 Rh6 37. Kg2 Bd6 38. Rh3 Rxh3 39. Kxh3 Kg6 40. Kg2 f5 41. Re6+ Kg5 42. Bc1+ f4 43. Kf3 Bc7 44. Bxf4+ Bxf4 45. h4+ Kxh4 46. Kxf4 Rf7+ 47. Ke4 Kxg4 48. Rg6+ Kh5 49. Rg2 Rd7 50. Ke3 b6 51. Kd2 a5 52. Kc3 Rd6 53. Rg8 Rd4 54. Re8 Rd6 55. Re5+ Kg6 56. Rd5 Rc6 57. d4 cxd4+ 58. Kxd4 Kf6 59. c5 bxc5+ 60. Rxc5 Ra6 61. Kd5 Ke7 62. Rc7+ Kd8 63. Rc6 Ra7 64. Rh6 Rg7 65. Kd6 Rd7+ 66. Kc6 Rc7+ 67. Kb5 Rc2 68. a3 Rc3 69. Ka4 Kc7 70. Ra6 1-0

[Event "SLO-chT1 West"]
[Site "Sentjur"]
[Date "2009.11.07"]
[Round "7"]
[White "Sorcnik, Franc"]
[Black "Mazej, Jernej"]
[Result "1/2-1/2"]
[WhiteElo "2125"]
[BlackElo "2070"]
[PlyCount "81"]
[EventDate "2009.10.22"]
[EventType "team-tourn"]
[EventRounds "9"]
[EventCountry "SLO"]
[SourceTitle "EXT 2010"]
[Source "ChessBase"]
[SourceDate "2010.11.25"]
[SourceVersion "1"]
[SourceVersionDate "2010.11.25"]
[SourceQuality "1"]

1. e4 c6 2. d4 d5 3. Nc3 g6 4. e5 h5 5. Be3 Nh6 6. f3 Nf5 7. Bf2 Bh6 8. Bd3 Ne3 9. Bxe3 Bxe3 10. Nge2 h4 11. Rf1 Bh6 12. f4 Bg4 13. Qd2 e6 14. Nd1 Qb6 15. c3 c5 16. dxc5 Qxc5 17. Nd4 Nc6 18. Ne3 Bf5 19. Nexf5 gxf5 20. Qf2 Nxd4 21. cxd4 Qb4+ 22. Qd2 Qxd2+ 23. Kxd2 Rg8 24. Rf2 Rg4 25. Ke3 Rc8 26. Be2 Rg8 27. Rg1 Ke7 28. g4 hxg3 29. Rxg3 Rg6 30. Bh5 Rxg3+ 31. hxg3 Rc1 32. Rh2 Bg7 33. Bf3 a6 34. Rh7 Kf8 35. Rh2 b5 36. g4 fxg4 37. Bxg4 Rg1 38. Bf3 Re1+ 39. Kd3 Rf1 40. Ke3 Re1+ 41. Kd3 1/2-1/2

[Event "SLO-chT1 West"]
[Site "Sentjur"]
[Date "2009.11.06"]
[Round "6"]
[White "Mazej, Jernej"]
[Black "Zugaj, Fjodor"]
[Result "0-1"]
[WhiteElo "2070"]
[BlackElo "2198"]
[PlyCount "86"]
[EventDate "2009.10.22"]
[EventType "team-tourn"]
[EventRounds "9"]
[EventCountry "SLO"]
[SourceTitle "EXT 2010"]
[Source "ChessBase"]
[SourceDate "2010.11.25"]
[SourceVersion "1"]
[SourceVersionDate "2010.11.25"]
[SourceQuality "1"]

1. f4 d5 2. e3 g6 3. Nf3 Bg7 4. d4 Nh6 5. c4 c6 6. Be2 0-0 7. 0-0 b6 8. Nc3 Bb7 9. Bd2 Nd7 10. b4 c5 11. bxc5 bxc5 12. Rb1 Rb8 13. Nxd5 cxd4 14. Nxd4 Bxd4 15. exd4 Bxd5 16. cxd5 Nb6 17. f5 Nxf5 18. Rxf5 gxf5 19. Bh6 Nxd5 20. Rb3 Rxb3 21. Qxb3 Qb6 22. Qxb6 axb6 23. Bxf8 Kxf8 24. Bd3 e6 25. Kf2 h6 26. Kf3 Ke7 27. h3 Kf6 28. Bc4 Nb4 29. Kf4 Nc2 30. d5 e5+ 31. Kf3 Na3 32. Bb3 Nb5 33. Ke3 Nd6 34. Kf3 Nb5 35. Ke3 Nd4 36. Bc4 f4+ 37. Ke4 Nf5 38. Kf3 Nd6 39. Bd3 Kg5 40. Bc2 f5 41. g3 e4+ 42. Kf2 fxg3+ 43. Kxg3 f4+ 0-1

[Event "SLO Cup"]
[Site "Otocec"]
[Date "2009.05.23"]
[Round "3"]
[White "Srebrnic, Ana"]
[Black "Mazej, Jernej"]
[Result "1/2-1/2"]
[WhiteElo "2283"]
[BlackElo "2078"]
[PlyCount "33"]
[EventDate "2009.05.22"]
[EventType "tourn"]
[EventRounds "5"]
[EventCountry "SLO"]
[SourceTitle "CBM 130 Extra"]
[Source "ChessBase"]
[SourceDate "2009.07.02"]
[SourceVersion "2"]
[SourceVersionDate "2009.07.15"]
[SourceQuality "1"]

1. d4 f5 2. Bg5 c5 3. e3 g6 4. c3 Qb6 5. Qc2 Bg7 6. Nd2 d5 7. Ngf3 Nf6 8. Be2 Nc6 9. 0-0 0-0 10. Bf4 Be6 11. Ne5 Rac8 12. Nxc6 Qxc6 13. Qb3 a6 14. Qa3 Rfe8 15. Be5 Bf7 16. Rfd1 h6 17. Bf3 1/2-1/2

[Event "SLO-chT1 East"]
[Site "Celje"]
[Date "2008.12.20"]
[Round "7"]
[White "Jug, Simon"]
[Black "Mazej, Jernej"]
[Result "1-0"]
[WhiteElo "2052"]
[BlackElo "2059"]
[PlyCount "56"]
[EventDate "2008.11.20"]
[EventType "tourn"]
[EventRounds "9"]
[EventCountry "SLO"]
[SourceTitle "EXT 2010"]
[Source "ChessBase"]
[SourceDate "2010.11.25"]
[SourceVersion "1"]
[SourceVersionDate "2010.11.25"]
[SourceQuality "1"]

1. d4 f5 2. g3 Nf6 3. Bg2 e6 4. Nf3 d5 5. 0-0 c6 6. Bg5 Bd6 7. Ne5 0-0 8. e3 h6 9. Bxf6 Qxf6 10. f4 Bd7 11. c4 Be8 12. Qb3 Qe7 13. Nc3 Kh7 14. Rfc1 Na6 15. Bf1 Rb8 16. a3 Nc7 17. cxd5 exd5 18. Qd1 Ne6 19. b4 a5 20. bxa5 Bxa3 21. Rcb1 Bd6 22. Na4 Bxe5 23. dxe5 d4 24. exd4 Rd8 25. Qb3 Nxd4 26. Qxb7 Qe6 27. Kg2 Bh5 28. Rd1 Bxd1 1-0

[Event "SLO-chT1 East"]
[Site "Celje"]
[Date "2007.11.16"]
[Round "6"]
[White "Mazej, Jernej"]
[Black "Djurkovic, Maks"]
[Result "1-0"]
[WhiteElo "2060"]
[BlackElo "2183"]
[PlyCount "89"]
[EventDate "2007.11.11"]
[EventType "tourn"]
[EventRounds "9"]
[EventCountry "SLO"]
[SourceTitle "EXT 2010"]
[Source "ChessBase"]
[SourceDate "2010.11.25"]
[SourceVersion "1"]
[SourceVersionDate "2010.11.25"]
[SourceQuality "1"]

1. f4 b5 2. Nf3 Bb7 3. e3 a6 4. b3 e6 5. Bb2 Nf6 6. Be2 Be7 7. 0-0 0-0 8. Qe1 d6 9. Nc3 Nbd7 10. a4 b4 11. Nd1 c5 12. Qg3 Re8 13. Nf2 Bf8 14. Bd3 d5 15. Qh3 h6 16. g4 Ne4 17. g5 f6 18. gxh6 gxh6 19. Ng4 Kh7 20. Rf2 Bg7 21. Rg2 Rg8 22. Bxf6 Ndxf6 23. Ng5+ Kh8 24. Nf7+ Kh7 25. Ng5+ Kh8 26. Nf7+ Kh7 27. Bxe4+ dxe4 28. Nxd8 Raxd8 29. Ne5 Bd5 30. Rf1 Bh8 31. Rff2 Rc8 32. Nf7 Bg7 33. Ng5+ Kh8 34. Nf7+ Kh7 35. Ng5+ Kh8 36. Nxe6 Bxe6 37. Qxe6 a5 38. Kf1 Rce8 39. Qb6 Nd7 40. Qxa5 Re6 41. Qc7 Re7 42. Rg6 Rge8 43. Qc6 Kh7 44. Rfg2 Bf8 45. Rg8 1-0

[Event "SLO-chT2 East"]
[Site "Velenje"]
[Date "2005.09.29"]
[Round "4"]
[White "Radosavljevic, Robi"]
[Black "Mazej, Jernej"]
[Result "1-0"]
[WhiteElo "2105"]
[BlackElo "2060"]
[PlyCount "99"]
[EventDate "2005.05.27"]
[EventType "team-tourn"]
[EventRounds "9"]
[EventCountry "SLO"]
[SourceTitle "EXT 2009"]
[Source "ChessBase"]
[SourceDate "2008.11.26"]
[SourceVersion "1"]
[SourceVersionDate "2008.11.26"]
[SourceQuality "1"]

1. d4 f5 2. e4 fxe4 3. Nc3 Nf6 4. Bg5 g6 5. h4 d5 6. h5 Bg7 7. Be2 c6 8. Qd2 Bf5 9. h6 Bf8 10. 0-0-0 Nbd7 11. f3 a5 12. Qf4 a4 13. g4 Be6 14. Nh3 Qa5 15. Nb1 0-0-0 16. Nf2 Bg8 17. Rh3 Qc7 18. fxe4 Qxf4+ 19. Bxf4 dxe4 20. Nc3 b5 21. Ncxe4 Nd5 22. Bg5 Re8 23. Nd3 N7f6 24. Nec5 e6 25. Bd2 Bd6 26. g5 Nd7 27. Ne4 Bc7 28. Bg4 Kd8 29. Rf3 e5 30. dxe5 Nxe5 31. Nxe5 Bxe5 32. Nf6 Bxf6 33. gxf6 Be6 34. Ba5+ Kd7 35. f7 Bxg4 36. fxe8Q+ Rxe8 37. Rf7+ Re7 38. Rxe7+ Kxe7 39. Rg1 Bf5 40. Bd2 c5 41. b3 axb3 42. axb3 c4 43. Bg5+ Kd6 44. Re1 Be6 45. bxc4 bxc4 46. Re4 Nc3 47. Re3 Nb5 48. c3 Na7 49. Kd2 Nb5 50. Re1 1-0

[Event "SLO-chT2E"]
[Site "Velenje"]
[Date "2004.11.01"]
[Round "5"]
[White "Zeljko, Tadej"]
[Black "Mazej, Jernej"]
[Result "0-1"]
[WhiteElo "2084"]
[BlackElo "2031"]
[PlyCount "69"]
[EventDate "2004.11.01"]
[EventType "team-tourn"]
[EventRounds "9"]
[EventCountry "SLO"]
[SourceTitle "EXT 2008"]
[Source "ChessBase"]
[SourceDate "2007.11.25"]
[SourceVersion "1"]
[SourceVersionDate "2007.11.25"]
[SourceQuality "1"]

1. e4 g6 2. d4 Bg7 3. f4 c6 4. Nf3 d5 5. e5 Bg4 6. Bd3 h5 7. c3 Nh6 8. h3 Bxf3 9. Qxf3 e6 10. b3 Bf8 11. a4 c5 12. Nd2 cxd4 13. cxd4 Nc6 14. Bb5 Nf5 15. Bb2 a6 16. Bxc6+ bxc6 17. Rc1 Qb6 18. Qc3 Rc8 19. 0-0 Bb4 20. Qd3 Bxd2 21. Qxd2 Qxb3 22. Rf3 Qb6 23. a5 Qa7 24. Rb3 c5 25. Rb6 c4 26. Qb4 Qe7 27. Qc3 Qh4 28. Qf3 0-0 29. Rxa6 c3 30. Rxc3 Nxd4 31. Qf2 Qxf4 32. Rxc8 Rxc8 33. Qxd4 Rc1+ 34. Bxc1 Qxd4+ 35. Kh1 0-1

[Event "SLO-chT U20"]
[Site "Nova Gorica"]
[Date "2004.08.24"]
[Round "6"]
[White "Borisek, Jure"]
[Black "Mazej, Jernej"]
[Result "1-0"]
[WhiteElo "2465"]
[BlackElo "2031"]
[PlyCount "113"]
[EventDate "2004.08.21"]
[EventType "team-tourn"]
[EventRounds "9"]
[EventCountry "SLO"]
[SourceTitle "EXT 2009"]
[Source "ChessBase"]
[SourceDate "2008.11.26"]
[SourceVersion "1"]
[SourceVersionDate "2008.11.26"]
[SourceQuality "1"]

1. e4 g6 2. d4 Bg7 3. Nc3 c6 4. Bc4 e6 5. e5 d5 6. exd6 Qxd6 7. Nf3 Nf6 8. Bg5 Nbd7 9. Qe2 0-0 10. 0-0-0 b5 11. Bd3 a5 12. Qd2 a4 13. Bh6 b4 14. Ne4 Nxe4 15. Bxe4 Nf6 16. Bxg7 Kxg7 17. Rhe1 Ba6 18. Ne5 Bb5 19. Kb1 Rad8 20. Re3 c5 21. Rh3 h5 22. Rh4 Qxd4 23. Qxd4 Rxd4 24. Rxd4 cxd4 25. Bd3 Bxd3 26. Nxd3 Rd8 27. Nxb4 e5 28. Rh3 Ng4 29. Ra3 Nxf2 30. Kc1 Ne4 31. Rxa4 Rd6 32. Nd3 Rd5 33. Rc4 Ra5 34. a4 f6 35. b3 Kf7 36. Nb4 Ke6 37. Rc6+ Kd7 38. Kb2 Rc5 39. Ra6 Rc7 40. a5 Rb7 41. Nd5 Rb5 42. Nxf6+ Nxf6 43. Rxf6 Rxa5 44. b4 Rd5 45. Kb3 Ke7 46. Kc4 Rd8 47. Rxg6 e4 48. Ra6 Rc8+ 49. Kxd4 Rxc2 50. Rg6 Rb2 51. Kc3 Rb1 52. Rg3 Rg1 53. Kd4 Kf6 54. h4 Re1 55. b5 e3 56. Kd3 e2 57. Kd2 1-0

[Event "SLO-chT U20"]
[Site "Nova Gorica"]
[Date "2004.08.22"]
[Round "2"]
[White "Gjuran, Denis"]
[Black "Mazej, Jernej"]
[Result "1-0"]
[WhiteElo "2275"]
[BlackElo "2031"]
[PlyCount "73"]
[EventDate "2004.08.21"]
[EventType "team-tourn"]
[EventRounds "9"]
[EventCountry "SLO"]
[SourceTitle "EXT 2009"]
[Source "ChessBase"]
[SourceDate "2008.11.26"]
[SourceVersion "1"]
[SourceVersionDate "2008.11.26"]
[SourceQuality "1"]

1. e4 g6 2. d4 Bg7 3. Nf3 c6 4. Bd3 d5 5. exd5 cxd5 6. 0-0 Nf6 7. Re1 0-0 8. Nbd2 Nc6 9. c3 Be6 10. Nf1 a6 11. Ng3 b5 12. a3 Qb8 13. Qe2 Re8 14. Bg5 Bg4 15. h3 Bxf3 16. Qxf3 Qd6 17. Bf4 Qd7 18. Rad1 Na5 19. Qe2 Qc6 20. Be5 Nc4 21. f4 e6 22. h4 h5 23. Qc2 Nxe5 24. fxe5 Nd7 25. Bxg6 fxg6 26. Qxg6 Nf8 27. Qxh5 Qc7 28. Rf1 Nh7 29. Qg6 Rf8 30. Nh5 Kh8 31. g4 Rae8 32. Nf4 Rf7 33. Qh5 Kg8 34. g5 Nf8 35. Qg4 Qe7 36. Nh5 Rf5 37. Nf6+ 1-0

[Event "SLO-chT2"]
[Site "Slovenia"]
[Date "2003.10.17"]
[Round "8"]
[White "Mazej, Jernej"]
[Black "Slamberger, Viktor"]
[Result "1-0"]
[WhiteElo "1951"]
[BlackElo "2062"]
[PlyCount "49"]
[EventDate "2003.05.02"]
[EventType "team-tourn"]
[EventRounds "9"]
[EventCountry "SLO"]
[SourceTitle "EXT 2005"]
[Source "ChessBase"]
[SourceDate "2004.11.15"]
[SourceVersion "1"]
[SourceVersionDate "2004.11.15"]
[SourceQuality "1"]

1. d4 d5 2. Nf3 Nf6 3. Bf4 e6 4. e3 Bd6 5. Bg3 0-0 6. c4 c5 7. dxc5 Bxc5 8. Be2 Nc6 9. Nc3 d4 10. exd4 Nxd4 11. Bd3 Nh5 12. Nxd4 Bxd4 13. Bxh7+ Kxh7 14. Qxh5+ Kg8 15. 0-0 Bxc3 16. bxc3 Qd3 17. Rfd1 Qxc4 18. Rd4 Qc6 19. Bd6 Re8 20. Rh4 f6 21. Qh7+ Kf7 22. Rg4 e5 23. Rxg7+ Ke6 24. Rd1 Qxc3 25. Qg6 1-0